Escudo de Selecciones: UEFA - Estadísticas

Estadísticas generales
  • Esta prueba ha sido intentada 47 veces
  • La puntuación promedio es 50 de 55
Estadísticas de respuestas
Imagen Respuesta % Correcto
Albania
98%
Escocia
98%
Eslovaquia
98%
España
98%
Irlanda
98%
Italia
98%
Letonia
98%
Noruega
98%
Países Bajos
98%
Suecia
98%
Ucrania
98%
Alemania
95%
Austria
95%
Bélgica
95%
Croacia
95%
Eslovenia
95%
Finlandia
95%
Francia
95%
Gales
95%
Grecia
95%
Hungría
95%
Inglaterra
95%
Malta
95%
Polonia
95%
Portugal
95%
Rumania
95%
Rusia
95%
Bulgaria
93%
Dinamarca
93%
Gibraltar
93%
Turquía
93%
Irlanda del Norte
91%
Israel
91%
Kazajistán
91%
Moldavia
91%
República Checa
91%
San Marino
91%
Chipre
89%
Islandia
89%
Montenegro
89%
Serbia
89%
Azerbaiyán
86%
Bosnia y Herzegovina
86%
Suiza
86%
Lituania
84%
Macedonia del Norte
84%
Andorra
82%
Kosovo
82%
Liechtenstein
82%
Luxemburgo
82%
Estonia
80%
Armenia
77%
Georgia
70%
Bielorrusia
68%
Islas Feroe
59%
No se encontraron pruebas coincidentes
Distribución de puntuación
Porcentaje de gente con cada puntuación
Porcentaje por número respondido
Historial de tus puntuaciones
No has intentado esta prueba.